Tiny Almost Useless Trivia IV Quiz Stats

 Plays Quiz Updated Jul 21, 2014

Support Sporcle.
Go Orange.
Score 0/15 Timer 02:00
6 Plays Today
Question Answer % Correct
What is the Spanish word for the number 2?dos
92%
What is the name of Peter Parker's (AKA Spiderman) Aunt who shares her name with a month?May
91.3%
What word comes before Teacher, Boys, Words, Santa and Company in titles of movies?Bad
86.1%
Which number, when spelled backwards, is a standard piece of volleyball equipment?ten
84.8%
What kind of creature serves as a toymaker for Santa Claus?elf
84.7%
What is the third-largest city in Morocco, which shares its name with a red felt tasseled hat?Fez
77.6%
What is the term used for a tennis ball that is served inbounds and untouched by the receiver?ace
71.4%
What chemical element has the symbol Sn?tin
64.9%
Question Answer % Correct
Which Pokémon, which is a sound a cat makes, is the the 151st and final one of Generation 1?Mew
57.8%
What lunar New Year celebration in Vietnam lends its name to a 1968 war offensive?Tết
56.7%
What 1980s TV show featured a cat-eating extra-terrestrial named Gordon Shumway?ALF
55.2%
What kind of bird 'determined' that it takes 3 licks to get to the center of a Tootsie Pop?owl
55%
What now defunct Georgia-based band had Michael Stipe as its lead singer?R.E.M.
43.6%
What is the name of either of the other sisters of Jo and Beth in 'Little Women'?Amy or Meg
36.6%
What Greek god, that is half goat, watches over shepherds and wild animals?Pan
35.6%

You're not logged in!

Compare scores with friends on all Sporcle quizzes.
OR
Log In

From the Vault

Modern World Leaders A-Z

by Booger

Yes, this list has world leaders for 'X' and 'Z'...it is just that insane.
Remove Ads.
Support Sporcle.
Get the best of Sporcle when you Go Orange. This ad-free experience offers more features, more stats, and more fun while also helping to support Sporcle. Thank you for becoming a member.

Show Comments

Extras

Top Quizzes Today


Score Distribution

Your Account Isn't Verified!

In order to create a playlist on Sporcle, you need to verify the email address you used during registration. Go to your Sporcle Settings to finish the process.

Report this User

Report this user for behavior that violates our Community Guidelines.

Details: